Peko

Titel: Peko : setu rahvuseepos / laulanut Anne Vabarna. Toimetanud Paul Hagu ...
Beteiligt:
Interpret:
Veröffentlicht: Kuopio : Snellman-Inst., 1995
Umfang: 224 S. : Ill., Kt.
Format: Buch
Sprache: Estnisch
Schriftenreihe/
mehrbändiges Werk:
Snellman-Instituutin A-sarja ; 18
Schlagworte:
ISBN: 9518421668
Buchumschlag
X
Lokale Klassifikation: 47 3 O
alg: 4655308
001A    $03004:09-05-96 
001B    $03025:03-03-26 $t12:41:24.000 
001D    $09999:99-99-99 
001U    $0utf8 
001X    $00 
002@    $0Aau 
003@    $0046553088 
003O    $036058423 $aOCoLC 
004A    $0951-842-166-8 
007A    $0046553088 $aHEB 
007T    $0Herdhh046553088 
010@    $aest 
011@    $a1995 
013H    $0z 
021A    $aPeko $dsetu rahvuseepos $hlaulanut Anne Vabarna. Toimetanud Paul Hagu ... 
028C    $BHrsg. $7 $8Hagu, Paul [Tnx] $916512251X 
028E    $D20220215 $Ecgwrk $7128878274 $8Vabarna, Anne$Z1877-1964 [Tp1] $9126069336 
033A    $pKuopio $nSnellman-Inst. 
034D    $a224 S. 
034M    $aIll., Kt. 
036E    $a@Snellman-Instituutin A-sarja $l18 
036F    $x218 $8Snellman-Instituutti julkaisuja. A-sarja $9034858601 $l18 
044K    $#Seto Volk $#Setu $D20251120 $Ecgmnf $74737381-7 $8Setukesen [Ts1] $9112383661 
044K    $RVolksliteratur $REpos $#Epos Volksliteratur $#Volksepik Volksepos $D20251120 $Ecgmnf $74360134-0 $8Volksepos [Ts1] $9088275906 
045F    $a390.094798 $eDDC23BSB 
045F/01 $a390 
045F/03 $g4798 

lok: 4655308 24
101B    $004-12-02 $t15:16:15.336 
101C    $009-05-96 
145Z/01 $a47 3 O 
101U    $0utf8 

exp: 4655308 24 1 #EPN
201B/01 $018-12-02 $t10:01:37.920 
201C/01 $009-05-96 
203@/01 $010212101X 
208@/01 $a09-05-96 $bz 
209A/01 $a96.0217 $du $f050 $h96 0217 $x00 
209C/01 $a96.0217 K $h96 0217 K 
209G/01 $a70004887 $x00 
247C/01 $8358050-7 Marburg, Bibliothek des Herder-Instituts Marburg $9102600961 
201U/01 $0utf8 

lok: 4655308 78

exp: 4655308 78 1 #EPN
201B/01 $019-04-17 $t17:01:10.000 
201U/01 $0utf8 
203@/01 $0792836219 
208@/01 $a12-11-16 $be 
209A/01 $a/ $f000 $x00 
220C/01 $aTitelaufnehmer: kk 
237A/01 $aweiterführende Signatur(en): Herder-Institut: 96.0217 
244Z/01 $2Trx $#Estija $#Igaunija $#Estland $#Estonia $#Estonia $#Estónsko $#Estonsko $8--Trx--Eesti $x01 $9391237225 
244Z/01 $2Trx $#setud $#setukiečiai $#Setukesians $#szetukézek nép $#Setukesi $#Setuovia $#Setuové $#Setukesen $8--Trx--Setuer $x02 $9391384279 
244Z/01 $2Trx $#muistendid ja legendid $#padavimai ir legendos $#myths and legends $#mondák és legendák $#podania i legendy $#povesti a legendy $#pověsti a legendy $#Schwänke $#Legenden $#frašky $8--Trx--Sagen und Legenden $x03 $9391382187 
244Z/01 $2Trx $#dzieło zbiorowe $8--Trx--Sammelwerk $x04 $9391384597 
245Z/01 $a11.02 $x01 
247C/01 $82080>Marburg/Lahn, Herder-Institut, Forschungsbibliothek, Bibliographieportal $9336309341
LEADER 00000cam a2200000 c 4500
001 046553088
003 DE-603
005 20260303124124.0
007 tu
008 960509s1995 xx |||| | u00||u|est c
020 |a 9518421668 
035 |a (DE-599)HEB046553088 
035 |a (OCoLC)36058423 
040 |a DE-603  |b ger  |c DE-603  |d DE-603 
041 |a est 
082 0 4 |8 1\u  |a 390.094798  |q DE-101  |2 23/BSB 
085 |8 1\u  |b 390 
085 |8 1\u  |z 2  |s 4798 
245 0 0 |a Peko  |b setu rahvuseepos  |c laulanut Anne Vabarna. Toimetanud Paul Hagu ... 
264 1 |a Kuopio  |b Snellman-Inst.  |c 1995 
300 |a 224 S.  |b Ill., Kt. 
490 1 |a Snellman-Instituutin A-sarja  |v 18 
650 7 |a Setukesen  |0 (DE-588)4737381-7  |0 (DE-603)112383661  |2 gnd 
650 7 |a Volksepos  |0 (DE-588)4360134-0  |0 (DE-603)088275906  |2 gnd 
700 1 |a Hagu, Paul  |e Hrsg.  |4 edt  |0 (DE-603)16512251X 
700 1 |a Vabarna, Anne  |d 1877-1964  |e Ausführender  |4 prf  |0 (DE-603)126069336  |0 (DE-588)128878274  |2 gnd 
810 2 2 |a Snellman-Instituutti  |g Kuopio  |t Snellman-Instituutti julkaisuja  |n A-sarja  |v 18  |w (DE-603)034858601  |w (DE-600)2451060-9  |9 218  |7 as 
924 0 |9 Mb 50  |a (DE-603)10212101X  |b DE-Mb50  |c HES  |d c  |g 96.0217 
924 0 |9 2080  |a (DE-603)792836219  |b DE-2080  |c HES  |d d  |g /